La economía de la competencia imperfecta / (Registro nro. 12327)
[ vista simple ]
| 000 -LEADER | |
|---|---|
| fixed length control field | 01287nam a2200253Ia 4500 |
| 003 - CONTROL NUMBER IDENTIFIER | |
| control field | OSt |
| 005 - DATE AND TIME OF LATEST TRANSACTION | |
| control field | 20210831142833.0 |
| 008 - FIXED-LENGTH DATA ELEMENTS--GENERAL INFORMATION | |
| fixed length control field | 210310s1946 sp ad gr 000 0 spa d |
| 040 ## - CATALOGING SOURCE | |
| Original cataloging agency | CO-JMCR |
| Transcribing agency | CO-JMCR |
| 041 1# - LANGUAGE CODE | |
| Language code of text/sound track or separate title | spa |
| Language code of original | eng |
| 082 04 - DEWEY DECIMAL CLASSIFICATION NUMBER | |
| Classification number | 338.6048 / |
| Item number | R613c |
| Edition number | 23 |
| 100 1# - MAIN ENTRY--PERSONAL NAME | |
| Personal name | Robinson, Joan, |
| Relator term | autor |
| 9 (RLIN) | 27922 |
| 245 13 - TITLE STATEMENT | |
| Title | La economía de la competencia imperfecta / |
| Statement of responsibility, etc. | Joan Robinson ; traducción del inglés por, José Luis Sampedro |
| 260 ## - PUBLICATION, DISTRIBUTION, ETC. | |
| Place of publication, distribution, etc. | Madrid, España : |
| Name of publisher, distributor, etc. | Aguilar, |
| Date of publication, distribution, etc. | 1946. |
| 300 ## - PHYSICAL DESCRIPTION | |
| Extent | 419 páginas : |
| Other physical details | ilustraciones y gráficas en blanco y negro ; |
| Dimensions | 21 cm. |
| 500 ## - GENERAL NOTE | |
| General note | Incluye índice alfabético y de materias. |
| 501 ## - WITH NOTE | |
| With note | Con: notas a pie de página. |
| 505 ## - FORMATTED CONTENTS NOTE | |
| Formatted contents note | La técnica. -- Equilibrio de monopolio. -- La comparación entre las cantidades producida en los casos de monopolio y de competencia. -- Discriminación de precios. -- Monopsonio. -- La demanda de un factor de la producción. -- La comparación entre la demanda de trabajo correspondiente a los casos de monopolio y de competencia. -- Explotación. -- Un mundo de monopolios. |
| 650 14 - SUBJECT ADDED ENTRY--TOPICAL TERM | |
| Topical term or geographic name entry element | Explotación monopolística |
| 9 (RLIN) | 39828 |
| 650 24 - SUBJECT ADDED ENTRY--TOPICAL TERM | |
| Topical term or geographic name entry element | Demanda de trabajo |
| 9 (RLIN) | 38251 |
| 650 24 - SUBJECT ADDED ENTRY--TOPICAL TERM | |
| Topical term or geographic name entry element | Discriminación de precios. |
| 9 (RLIN) | 39829 |
| 700 1# - ADDED ENTRY--PERSONAL NAME | |
| Personal name | Sampedro, José Luis, |
| Relator term | traductor |
| 9 (RLIN) | 4714 |
| 942 ## - ADDED ENTRY ELEMENTS (KOHA) | |
| Source of classification or shelving scheme | Dewey Decimal Classification |
| Koha item type | Books |
| Withdrawn status | Lost status | Source of classification or shelving scheme | Damaged status | Not for loan | Home library | Current library | Shelving location | Date acquired | Source of acquisition | Full call number | Barcode | Date last seen | Copy number | Price effective from | Koha item type |
|---|---|---|---|---|---|---|---|---|---|---|---|---|---|---|---|
| Dewey Decimal Classification | Biblioteca Pública José María del Castillo y Rada | Biblioteca Pública José María del Castillo y Rada | General Stacks | 04/15/2018 | Donación | 338.6048 / R613c | 430005695 | 05/16/2024 | Ej.1 | 03/10/2021 | Books |